00465nam a2200157Ia 4500003000400000005001700004008004100021040001600062082001600078100002100094245007800115260005200193300000800245650002400253650003000277GCL20240530100832.0140319s9999 xx 000 0 eng d aGCL / cGCL04a300.72bR B1 aROSNOW, RALPH L.10aBEGINNING BEHAVIORAL RESEARCH: / cROSNOW, RALPH L.bA CONCEPTUEL PRIMER a[S.N] : bMacmillan pubhsheng company ، c1993 a40604aPSYCHOLOGY RESEARCH04aSOCIAL SCIENCE - RESEARCH